000 00619cam a22002173a 4500
001 33884
003 PGUSA
005 20140828083731.0
008 101026s2010||||xxu|||||s|||||000 | eng d
040 _aPGUSA
_beng
042 _adc
100 1 _aGates, Eleanor,
_d1875-1951
245 1 0 _aAlec Lloyd, Cowpuncher
_h[electronic resource] /
_cEleanor Gates
260 _bProject Gutenberg,
_c2010
506 _aPublic domain in the USA.
516 _aElectronic text
700 1 _aTrue, Allen Tupper,
_d1881-1955
830 0 _aProject Gutenberg
_v33884
856 4 0 _uhttp://www.gutenberg.org/ebooks/33884
942 _cEB
999 _c263139
_d263139